Central Library OPAC University of Rajshahi

ইসলামী আন্দোলনের ভবিষ্যত কর্মসূচী / (Record no. 42968)

MARC details
000 -LEADER
fixed length control field 01102nam a2200313I 4500
001 - CONTROL NUMBER
control field 42968
003 - CONTROL NUMBER IDENTIFIER
rucl marc code BD-RJUL
005 - DATE AND TIME OF LATEST TRANSACTION
control field 20211209053625.0
008 - FIXED-LENGTH DATA ELEMENTS--GENERAL INFORMATION
fixed length control field 160618s1963 bg 000 0 ben u
020 ## - INTERNATIONAL STANDARD BOOK NUMBER
Terms of availability : PRs 3.25
035 ## - SYSTEM CONTROL NUMBER
System control number BD-RJUL 43086
System control number (OCoLC)00873209
System control number GLIS00505321
040 ## - CATALOGING SOURCE
Transcribing agency HCD
Modifying agency m.c.
-- RCD
Original cataloging agency BD-RjUL
Language of cataloging ben
041 ## - LANGUAGE CODE
Language code of text/sound track or separate title ben
082 ## - DEWEY DECIMAL CLASSIFICATION NUMBER
Edition number 23
Classification number 297.09
Author mark and year MOI 1963
090 ## - LOCALLY ASSIGNED LC-TYPE CALL NUMBER (OCLC); LOCAL CALL NUMBER (OCLC)
Classification number (OCLC) (R) ; Classification number, CALL (RLIN) (NR) JX1391
Local cutter number (OCLC) ; Book number/undivided call number, CALL (RLIN) .S912 1954
099 ## - LOCAL FREE-TEXT CALL NUMBER (OCLC)
Bangla Class number JX1391.S912 1954
100 1# - MAIN ENTRY--PERSONAL NAME
Personal name মওদূদী,সাইয়েদ আবুল আ'লা
9 (RLIN) 131948
245 10 - TITLE STATEMENT
Title ইসলামী আন্দোলনের ভবিষ্যত কর্মসূচী /
Statement of responsibility, etc. সাইয়েদ আবুল আ'লা মওদূদী
260 ## - PUBLICATION, DISTRIBUTION, ETC. (IMPRINT)
Place of publication, distribution, etc. ঢাকা :
Name of publisher, distributor, etc. মুহাম্মদ আবদুর রহিম,
Date of publication, distribution, etc. ১৯৬৩
300 ## - PHYSICAL DESCRIPTION
Pagination ২৪৮ পৃ. ;
Size ১৮ সেমি.
504 ## - BIBLIOGRAPHY, ETC. NOTE
Bibliography, etc .
650 #0 - SUBJECT ADDED ENTRY--TOPICAL TERM
Topical term or geographic name as entry element ইসলাম
9 (RLIN) 131949
General subdivision ইতিহাস
Topical term or geographic name as entry element Islam
General subdivision History
9 (RLIN) 131984
942 ## - ADDED ENTRY ELEMENTS (KOHA)
Source of classification or shelving scheme Dewey Decimal Classification
Koha item type Books
949 ## - LOCAL PROCESSING INFORMATION (OCLC)
a MYGD
Holdings
Lost status Source of classification or shelving scheme Damaged status Not for loan Collection code Permanent Location Current Location Shelving location Date acquired Source of acquisition Cost, normal purchase price Total Checkouts Full call number Date last seen Copy number Koha item type
  Dewey Decimal Classification     Non-fiction Central Library, University of Rajshahi Central Library, University of Rajshahi     Farukh Library 3.25   B 297.09 MOI 1963 18/06/2016 C-2 Books
  Dewey Decimal Classification   Not For Loan Non-fiction Central Library, University of Rajshahi Central Library, University of Rajshahi Reading Room 30/05/1967 Faruqe library 3.25   B 297.09 MOI 1963 01/01/2025 C-1 Books